000 00266nam a2200109Ia 4500
008 220204s9999 xx 000 0 und d
082 _a82-3
_bCHR
100 _aChristie, Agatha
245 4 _aThe Mystery of the blue train
260 _aLondon
_bPan
_c1983
942 _cBK
999 _c37548
_d37548